[Event "Bundesliga 0001"]
[Site "Germany"]
[Date "2001.03.11"]
[Round "11.4"]
[White "Kveinys, Aloyzas"]
[Black "Hansen, Sune Berg"]
[Result "1-0"]
[WhiteElo "2522"]
[BlackElo "2545"]
[Annotator "Ribli,Z"]
[PlyCount "90"]
[EventDate "2000.10.14"]
[EventType "team-tourn"]
[EventRounds "15"]
[EventCountry "GER"]
[SourceTitle "CBM 082"]
[Source "ChessBase"]
[SourceDate "2001.05.17"]
[SourceVersion "1"]
[SourceVersionDate "2001.05.17"]
[SourceQuality "1"]
[WhiteTeam "Godesberg"]
[BlackTeam "Hamburger SK"]
[WhiteTeamCountry "GER"]
[BlackTeamCountry "GER"]

1. g3 {Mit diesem genügsamen Eröffnungszug ist es nicht leicht,
Eröffnungsvorteil zu erreichen.} c5 2. Bg2 Nc6 3. c4 (3. e4 $5) 3... g6 4. Nc3
Bg7 5. e3 Bxc3 {Schwarz gibt sich nicht mit Ausgleich zufrieden - den kann er
mit 5...e6 leichtb erreichen - statt dessen versucht er, das Spiel zu
verkomplizieren. Aber der Textzug birgt auch ein Risiko in sich, denn Schwarz
gibt von sich aus sein Läuferpaar auf. Ich halte Züge wie 5...e5, 5...Nh6 oder
5... Nf6 für bessere Alternativen.} 6. dxc3 {Dieser Zug hat zwar keinen guten
Ruf, aber er scheint mir logisch.} (6. bxc3 b6 (6... d6 7. Ne2 Qd7 8. Nf4 b6 9.
d3 Bb7 10. e4 Nf6 11. Qe2 h6 12. h4 e6 13. Bh3 Qe7 {0-1 Reuben,S-Dineley,R/
England 1999/EXT 2000 (56)}) 7. d3 (7. h4 Nf6 8. e4 Bb7 9. Ne2 d6 10. d3 Qd7
11. Bg5 Ng4 12. d4 Na5 13. h5 f6 14. Bc1 g5 15. f3 Nh6 16. Bh3 g4 17. Bxh6 gxh3
18. d5 Nxc4 19. Nf4 Qb5 20. Qb3 Qa6 21. a4 Ne5 22. Kf2 Bc8 {0-1 Groszpeter,
A-Schlosser,P/Lippstadt 1991/EXT 99 (44)}) 7... Bb7 8. e4 d6 9. Nf3 (9. a4 Qd7
10. Ne2 Na5 11. h4 Nf6 12. Nf4 e6 13. Ra3 O-O-O 14. Nd5 exd5 15. Bh3 Ng4 16.
cxd5 f5 17. c4 h5 {1/2-1/2 Barczay,L-Groszpeter,A/Zalaegerszeg 1991/EXT 97 (55)
}) 9... Qc7 10. O-O O-O-O 11. Ne1 f5 12. f3 e6 13. Nc2 Qg7 14. Rb1 Nge7 15. Qe2
Rhe8 16. Bb2 Kb8 17. Ne3 g5 {1/2-1/2 Bilek,I-Portisch,L/HUN-chT 9394 1994/TD 
(38)}) 6... d6 7. e4 {Auch dieser Zug ist logisch - Weiß öffnet die Diagonale
des Bc1.} (7. Ne2 Qd7 (7... Nf6 8. Qc2 h5 9. h3 Be6 10. b3 g5 11. e4 Rg8 12.
Be3 Qa5 13. O-O-O O-O-O 14. Rhg1 g4 15. h4 Ne5 16. Nf4 Kb8 17. Rge1 a6 {
0-1 Kock-Kern/Sueder 1996/EXT 2001 (43)}) 8. O-O b6 9. Nf4 Bb7 10. e4 O-O-O 11.
b3 e6 12. Nd3 f5 13. Bg5 Re8 14. f3 h6 15. Bd2 Nf6 16. Qe2 g5 17. Rad1 Qc7 18.
Rfe1 Ne5 19. Nf2 Rhg8 {0-1 Salmensuu,O-Nielsen,P/Gistrup 1997/EXT 98 (48)})
7... Qd7 8. Nf3 $5 {Mit diesem natürlichen Entwicklungszug bereitet Weiß
zugleich das Springermanöver Nd2-f1-e3 vor.} (8. Ne2 b6 9. Nf4 Bb7 10. Qe2 e6
11. Nd3 h6 12. Bd2 Nge7 13. O-O-O O-O-O 14. Rhe1 Qc7 15. h4 Ba6 16. b3 b5 17.
cxb5 Bxb5 18. Kb2 Qb6 19. Qe3 Kc7 20. Ka1 a5 21. Bc1 e5 22. Nb2 a4 23. bxa4 Ba6
24. Bf1 Na5 25. f4 Nec6 {0-1 Benko,P-Tarjan,J/Lone Pine 1979/MCL (46)}) 8...
Nf6 9. Qe2 Qc7 10. h3 {[%mdl 32] Weiß möchte 11.Bh6 ziehen und verteidigt sich
gegen 11...Ng4.} (10. Nd2) 10... h6 {Gegen Bh6 gerichtet - doch dieser Zug
bedeutet eine kleine Schwächung am Königsflügel.} 11. Nd2 {[%cal Gd2f1,Gf1e3,
Ge3d5] Der Springer strebt das Feld e3 an.} b6 12. Nf1 Bb7 13. Ne3 e6 {Dieser
Zug ist praktisch erzwungen, sonst spielt Weiß 14. Nd5.} 14. Ng4 $1 $14 Ng8 {
Ein genügsamer Platz für den Springer.} (14... Nxg4 $2 15. hxg4 $16) 15. Bf4 {
[%cal Gf4c7] Es droht noch nichts konkretes, aber Schwarz muss immer mit e4-e5
rechnen.} O-O-O (15... e5 16. Bd2 $14 {[%csl Yd5][%cal Gg4e3,Ge3d5]}) 16. O-O-O
f6 {Schwarz verteidigt sich gegen 17.e5.} 17. h4 Rh7 (17... h5 18. Ne3 $14 {
[%cal Gg3g4] 18...e5 wäre schlecht wegen 19.Nd5. In der Folge könnte Weiß die
Stellung mit g4 für sein Läuferpaar öffnen.}) 18. Bh3 {[%cal Gh3c8]} Kb8 19. f3
{Dank des Läuferpaares hat Weiß kleinen, aber dauerhaften Vorteil. Der Pd6 ist
eine Schwäche, und am Königsflügel bieten sich Weiß einige Möglichkeiten, die
Stellung zu öffnen.} Bc8 20. h5 $5 g5 (20... gxh5 21. Nf2 $14) 21. Bd2 {
Weiß spielt nicht 21.Be3, denn dieses Feld ist für den Springer reserviert.}
Qb7 22. Ne3 Qa6 {Schwarz möchte nicht länger warten, er beginnt eine Aktion am
Damenflügel.} 23. Kb1 Re7 {[%cal Ge7e2]} 24. Qf1 Rb7 25. Bc1 {An dieser Stelle
möchte ich den Ausspruch Tarraschs zitieren: "Es ist nicht wichtig, ob ein
Läuferpaar mehr oder weniger zur Wirkung kommt, wichtig ist, dass es sich auf
dem Brett befindet!". - Mit dem Textzug bereitet Weiß das Turmmanöver .
Rh2-Rhd2 vor.} Qa5 (25... b5 26. cxb5 Rxb5 27. Nc4 $16) 26. Rh2 {[%cal Gh2d2]}
a6 27. Rhd2 Kc7 28. f4 $16 {Weiß spielt diese ganze Partie ausgezeichnet. Weil
sich fast alle schwarzen Figuren am Damenflügel aufhalten, öffnet er die
Stellung am Königsflügel.} b5 29. e5 $1 $36 (29. f5 $5 $16) 29... fxe5 30. f5 {
Mit diesem Bauernopfer verschafft sich Weiß starken Angriff.} exf5 (30... b4
31. cxb4 (31. fxe6 bxc3 32. Nd5+ Kb8) 31... Nxb4 32. a3 Nc6 33. fxe6 Nd4 34.
Bg2 $16) 31. Bxf5 Nce7 (31... Nge7 32. Bxc8 (32. Be4 Be6 33. Qf6 Bxc4 34. Nxc4
bxc4 35. Rxd6) 32... Nxc8 33. Qf6 $16) 32. Be4 Rb6 33. Bd5 {Droht 34.Bxg8 Rxg8
35.Qf7.} Kb8 34. Bxg8 Nxg8 35. Qf7 b4 $6 (35... Bb7 $5 36. Nd5 (36. Qe6 Bc8)
36... Bxd5 37. Rxd5 bxc4 38. Qe6 Kc7 $13) 36. cxb4 cxb4 37. b3 {Die weiße
Königsstellung ist sicher, Schwarz muss immer mit Nd5 oder Rd5 rechnen.} Qc5 (
37... Rc6) 38. Rd5 Qc7 39. Qg6 Bb7 (39... Ne7 40. Qxh6 $16) 40. c5 $1 $16 {
[%mdl 64]} Rb5 41. cxd6 Qd7 42. Rxb5 axb5 $6 (42... Qxb5 43. Qg7 $16) 43. Bb2 {
[%csl Re5]} Ka7 44. Bxe5 $18 {Weiß hat einen Bauern mehr und eine
Gewinnstellung.} Re8 45. Qd3 Bf3 (45... Rxe5 46. Qd4+ $18) (45... Bf3 46. Rc1
$18) 1-0

[Event "Capablanca Memorial Elite 34th"]
[Site "Havana"]
[Date "1999.05.17"]
[Round "9"]
[White "Becerra Rivero, Julio"]
[Black "Vera Gonzalez Quevedo, Reynaldo"]
[Result "1-0"]
[WhiteElo "2535"]
[BlackElo "2547"]
[Annotator "Ribli,Z"]
[PlyCount "63"]
[EventDate "1999.05.??"]
[EventType "tourn"]
[EventRounds "13"]
[EventCountry "CUB"]
[EventCategory "12"]
[SourceTitle "CBM 071"]
[Source "ChessBase"]
[SourceDate "1999.08.01"]
[SourceVersion "1"]
[SourceVersionDate "1999.08.01"]
[SourceQuality "1"]

{[%mdl 16448]} 1. e4 c5 2. c4 {Mit diesem Zug kann Weiß die theoretischen
Hauptvarianten vermeiden, sich aber meines Erachtens keine Hoffnung auf
Eröffnungsvorteil machen. Ribli.} Nc6 3. Nc3 g6 {[%csl Yd4][%cal Gf8g7,Gg7d4]}
(3... e6 4. Nf3 Nf6 5. Be2 d5) 4. g3 Bg7 5. Bg2 d6 6. d3 e6 7. Nge2 Nge7 {
Schwarz kann zufrieden sein. Er hat bequemes Spiel. Seine Figuren stehen
elastisch und er kontrolliert das Zentrumsfeld d4.} 8. O-O O-O 9. a3 b6 (9...
a6 10. Rb1 Rb8 11. b4 cxb4 12. axb4 b5 13. cxb5 axb5 14. d4 $14) (9... Rb8 10.
Rb1 a5 11. Nb5 b6 12. d4 Ba6 13. Be3 $14) 10. Rb1 Bb7 11. f4 (11. b4 Qd7 12.
Be3 (12. Qa4 Rfd8 13. Rd1 Nd4 14. Qxd7 Nxe2+ 15. Nxe2 Rxd7 16. Be3 Rc8 17. f4
f5 18. exf5 gxf5 19. Bxb7 {1/2-1/2 Rogers,I-Novikov,I/Budapest 1991/EXT 97 (19)
}) 12... Rac8 13. f4 Nd4 14. Bf2 f5 15. Nxd4 cxd4 16. Nb5 fxe4 17. Nxd4 e5 18.
fxe5 dxe5 19. Nb5 a6 20. dxe4 Qxd1 21. Rbxd1 axb5 22. cxb5 $44 {Zeit. 1-0
Sehner,N-Chandler,M/BL8485 1985/GER-chT (45)}) (11. Bg5 h6 12. Be3 Nd4 13. b4
Qd7 14. a4 Nxe2+ 15. Nxe2 Rfd8 $11 (15... cxb4 16. Rxb4 d5 17. cxd5 exd5 18.
Nf4 $14)) 11... Qd7 {Schwarz hat eine feste Stellung. Seine Läufer stehen in
den langen Diagonalen gut.} 12. Be3 (12. b4 Nd4 13. Kh1 f5 14. Bd2 Rac8 15. b5
fxe4 16. dxe4 d5 17. cxd5 exd5 18. Nxd4 Bxd4 19. Qe2 dxe4 20. Qc4+ Rf7 21. Rbe1
e3 22. Bxe3 Nf5 {0-1 Rossetto,H-Huebner,R/Skopje 1972/MCD (42)}) 12... Nd4 {
Es ist notwendig für Schwarz, diesen Zug zu machen. Ansonsten muß er mit 13.d4
rechnen.} 13. Bf2 {Ein normaler Prophylaxezug. Weiß kann jetzt Nxd4 spielen,
ohne nach cxd4 eine Figur zu verlieren.} f5 {Das ist ein normaler Zug, aber
Schwarz kann damit warten bis Weiß mit g2-g4 kommt.} 14. b4 Rad8 $6 {Dieser
Zug scheint mir weniger logisch als die Alternative 14...Rae8. Der Turm steht
auf d8 nicht so gut, denn Schwarz muß nicht ...d6-d5 spielen.} (14... Rae8 15.
Nxd4 cxd4 16. Ne2 (16. Nb5) 16... e5 17. a4 Kh8 18. a5 Ng8 19. Bh3 Qc7 20. axb6
axb6 21. fxe5 dxe5 22. Qc2 Nf6 23. Bg2 Ng4 $36 {0-1 Williams,S-Leko,P/Canaries
olJ-U16 1995/EXT 97 (34)}) 15. Re1 Rfe8 {Dieser Zug ist jetzt nach 14...Rad8
logisch, aber in einigen Varianten steht der Turm besser auf f8.} (15... e5 $11
) (15... Nxe2+ 16. Nxe2 e5 $11 (16... Qc7 $11)) 16. Nxd4 cxd4 17. Nb5 $1 $14 {
[%cal Gb5d4,Gb5a7]} d5 (17... e5 18. Nxa7 Bxe4 19. dxe4 Qxa7 20. Qb3 $14 {
[%cal Gb3g8] Weiß hat dank des Läuferpaares die etwas bessere Stellung.}) 18.
e5 {[%csl Rd4,Rg7] Jetzt ist der Läufer g7 eingeschlossen und Weiß kann im
folgenden Nd6 spielen.} dxc4 19. dxc4 (19. Bxb7 $2 Qxb5) 19... Bxg2 20. Kxg2
Qc6+ {[%cal Rc6g2,Rc6c4]} 21. Qf3 Qxc4 (21... Qxf3+ 22. Kxf3 Nc6 (22... Rd7 23.
Rbd1 $16) 23. Nd6 Re7 24. b5 $16) 22. Nd6 $16 {[%cal Rd6c4,Rd6e8] Weiß gewinnt
die Qualität.} Rxd6 23. exd6 Nd5 {[%csl Yc3,Gd4,Gd6] Schwarz scheint für die
Qualität gute Kompensation zu haben: einen Bauern, offene Diagonale für den
Läufer und die Herrschafft über das Feld c3. Der weiße Bauer d6 bietet aber
gute taktische Chancen.} 24. Rbc1 Nc3 25. Red1 $1 {[%csl Gd6][%cal Gc1c4]
Schwarz hat auch eine Schwäche, den Bauern d4. In vielen Varianten - nach Rxc3
- unterstützt der Turm aber auch den eigenen d-Bauern.} Rd8 (25... Qb5 26. Rd3
$16 (26. Bxd4 Nxd1 27. Bxg7 Kxg7 28. Rxd1 $16)) 26. Rd2 e5 (26... Rxd6 $2 27.
Rxc3 dxc3 (27... Qxc3 28. Qxc3 dxc3 29. Rxd6 $18) 28. Rxd6 c2 29. Be3 $18) 27.
fxe5 Bxe5 28. d7 {[%csl Gd7]} Qe6 (28... Rxd7 $2 29. Rxc3 dxc3 30. Rxd7 $18)
29. Bxd4 Ne4 (29... Bxd4 30. Rxd4 Ne4 31. Rc7 $18) 30. Rc8 $1 $18 Bc7 (30...
Qxd7 31. Qb3+ Kf8 32. Bc5+ {[%cal Rc5f8,Rd2d7]} Nd6 33. Rxd8+ Qxd8 34. Bxd6+ (
34. Qd5 $18) 34... Bxd6 35. Qe6 Qa8+ 36. Kh3 Be7 37. Rd7 Qe8 38. Rxa7 $18) (
30... Rxc8 31. Qb3 $3 {[#]} (31. dxc8=Q+ Qxc8 32. Bxe5 Nxd2 33. Qd5+ $18 {
[%cal Rd5g8,Rd5d2]}) 31... Qxb3 32. dxc8=Q+ Kf7 33. Bxe5 Nxd2 34. Qd7+ Kf8 35.
Bd6+ Kg8 36. Qe8+ Kg7 37. Qf8#) 31. Rc2 Qxd7 32. Qb3+ {Schwarz gab in
hoffnungsloser Stellung auf.} (32. Qb3+ Kf8 33. R2xc7 $18) 1-0

[Event "Capablanca Memorial Premier 33rd"]
[Site "Havana"]
[Date "1998.05.08"]
[Round "2"]
[White "Teske, Henrik"]
[Black "Bellon Lopez, Juan Manuel"]
[Result "1-0"]
[WhiteElo "2475"]
[BlackElo "2455"]
[Annotator "Ribli,Z"]
[PlyCount "87"]
[EventDate "1998.05.07"]
[EventType "tourn"]
[EventRounds "13"]
[EventCountry "CUB"]
[EventCategory "8"]
[SourceTitle "CBM 065"]
[Source "ChessBase"]
[SourceDate "1998.08.06"]
[SourceVersion "1"]
[SourceVersionDate "1998.08.06"]
[SourceQuality "1"]

1. c4 c5 2. Nc3 Nc6 3. g3 g6 4. b3 {Eine seltene Fortsetzung. Weiß plaziert
beide Läufer auf den langen Diagonalen und strebt eine feste Stellung an. Er
kann meines Erachtens kaum auf Eröffnungsvorteil hoffen. Ribli.} Bg7 5. Bb2 d6
(5... e6 6. Qc1 Nf6 7. Ne4 d6 8. Bg2 O-O 9. d3 Qe7 10. Nf3 b6 11. Ne5 $1 dxe5
12. Nxf6+ Bxf6 13. Bxc6 Bb7 14. Bxb7 Qxb7 15. O-O Bg7 16. Qe3 f6 17. Bc3 h5 18.
b4 cxb4 19. Bxb4 Rf7 20. a4 Rc8 21. a5 bxa5 22. Bxa5 Bf8 23. Rfb1 Qd7 24. Bb4
Bxb4 25. Rxb4 Kg7 26. Rba4 Rc7 27. Ra6 Re7 28. Kg2 Rb7 29. h4 Rc7 30. R1a5 {
Kholmov,R-Borisenko,G/URS-ch23 1956/1-0 (51)}) (5... b6 $5) (5... Nf6) 6. Bg2
e5 {Schwarz ignoriert die Schwäche des Feldes d5, will die Beweglichkeit des
Bb2 einschränken und seinen Königsspringer auf e7 plazieren.} 7. e3 Nge7 8.
Nge2 O-O 9. O-O Rb8 10. d3 a6 11. Qd2 b5 $11 {[%csl Yd5] Schwarz hat eine
bequeme Stellung. Er hat keine Entwicklungsprobleme und die Schwäche des
Feldes d5 ist nicht von großer Bedeutung.} 12. Rfd1 Bg4 {Schwarz provoziert
den Zug h2-h3. Es ist dabei immer die Frage, ob h2-h3 ein nützlicher Zug ist,
oder ob er die Königsstellung schwächt.} (12... Qa5 13. Rac1 Be6 14. Ne4 Qxd2
15. Rxd2 Rfd8 16. Ng5 Bg4 17. Nc3 h6 18. Nf3 Be6 19. Ba1 f5 20. Ne1 Bf7 {
1/2-1/2 Polugaevsky,L-Bobotsov,M/Le Havre 1966}) (12... Be6 $5 $11) 13. h3 Be6
14. Rac1 Qd7 {[%cal Rd7h3]} 15. Kh2 f5 16. Nd5 {[%csl Gd5]} Qa7 {Dieser Zug
richtet sich gegen den Plan Nxe7 nebst cxb5 und d4.} (16... Bf7 $5 {Mit diesem
prophylaktischen Zug kann Schwarz die "Gabel" nach 17...Nxd5 18.cxd5 vermeiden.
}) 17. d4 cxd4 (17... bxc4 18. Nxe7+ (18. dxc5 dxc5 19. Nxe7+ Nxe7 20. Qd6 Bf7
$13) 18... Nxe7 19. d5 Bd7 20. bxc4 $11) 18. exd4 Bxd5 $6 {Dieser Zug gefällt
mir nicht. Ich glaube,es wäre viel besser, den weißfeldrigen Läufer auf dem
Brett zu behalten.} (18... bxc4 19. bxc4 $11 (19. Nxe7+ Nxe7 20. d5 $2 Bd7 21.
bxc4 Qxf2 $17)) 19. cxd5 Nxd4 20. Nxd4 exd4 21. Qb4 $1 $14 {[%csl Gb4,Rd4,Rd6,
Re7][%cal Rb4d4,Rb4d6] Weiß gewinnt den Bauern noch nicht zurück, denn ohne
Damen hat er keinen Vorteil. Der schwarze Springer steht schlecht auf e7 und
die schwarze Königsstellung ist schwach.} (21. Bxd4 Bxd4 22. Qxd4 Qxd4 23. Rxd4
Rbc8 $11 {[%csl Gc8][%cal Gc8c1]}) 21... Qb6 22. Bxd4 Bxd4 23. Rxd4 (23. Qxd4
Qxd4 24. Rxd4 Rbc8 $11) 23... Rbc8 (23... a5 $6 24. Qd2 {[%csl Ye6,Re7][%cal
Gc1e1,Ge1e7]}) 24. Re1 {[%csl Ye6,Re7][%cal Re1e7]} Rc2 25. Rd2 $1 {Weiß
tauscht so die einzige aktive Figur des Gegners.} (25. Rxe7 a5 $17 {[%csl Rb4,
Gb6,Gc2,Rd4] und Weiß muß Material geben, denn die Dame kann den Turm nicht
decken.} 26. Qe1 Qxd4 27. Qe6+ Kh8) 25... Rxd2 (25... a5 26. Qf4 $14) 26. Qxd2
{[%csl Gd2,Ge1,Ye6,Re7,Rg8]} Nc8 27. h4 $1 {[%csl Rg8][%cal Rh4h5] Weiß hat
die einzige offene Linie besetzt, der Punkt e6 ist schwach und es droht 28.
h4-h5 mit weiterer Schwächung des schwarzen Königsflügels.} Qd8 {Die Dame
möchte am Königsflügel verteidigen und ein Feld für den Springer räumen.} 28.
a4 $1 {Weiß spielt auch aktiv am Damenflügel.} bxa4 29. bxa4 Nb6 (29... a5 30.
Re6 $36 Rf6 (30... Nb6 31. Qxa5 $16) 31. Rxf6 Qxf6 32. Qxa5 $16) 30. Qf4 {
[%csl Rd6]} Rf6 31. Re6 $36 {[%csl Gd5,Ge6]} Kf7 32. a5 Na8 (32... Nxd5 33.
Bxd5 Rxe6 34. Qc4 Qe7 35. Qxa6 $16 {[%csl Ga5,Gd5,Rf7] und der entfernte weiße
Freibauer ist gefährlich.}) (32... Nc8 33. Rxf6+ Qxf6 (33... Kxf6 $2 34. Qg5+
$18) 34. Qc4 {[%cal Rc4c8,Rc4a6]}) 33. Rxf6+ Qxf6 (33... Kxf6 $2 34. Qg5+ $18 {
[%cal Rg5d8]}) 34. Qc4 $16 {[%csl Ra6,Ra8,Gc4] Der Springer steht - wie üblich
- fürchterlich in der Ecke.} f4 {In schwieriger Stellung versucht der Schwarze
etwas am Königsflügel zu erreichen.} 35. Qxa6 {[%csl Ga5,Ra8]} (35. Qxf4 $6
Qxf4 36. gxf4 Nc7 $14) 35... fxg3+ 36. fxg3 {Der Freibauer auf a5 bietet dem
Weißen gute Gewinnchancen, während Schwarz keinerlei Gegenspiel entfaltet.} Qd8
37. Qb7+ Nc7 38. a6 {und der a-Bauer entscheidet den Kampf.} g5 39. hxg5 Kg6
40. Qb6 (40. a7 $18) 40... Kxg5 41. a7 $18 {[%cal Rb6d8] Es droht 42.Qxc7
nebst 43.a8Q oder 42.Qb8 mit Gewinn.} Qe8 42. Qxc7 Qh5+ 43. Kg1 Qd1+ 44. Bf1 {
Schwarz gibt auf, denn es gibt kein Dauerschach.} (44. Bf1 Qd4+ 45. Kh2 Qf2+
46. Bg2) 1-0